|
|
|
|
| LEADER |
01413nam a22003137a 4500 |
| 001 |
41696 |
| 003 |
BD-DhAAL |
| 005 |
20231107133019.0 |
| 008 |
230918t2023 bg ||||| b||| 001 0 eng d |
| 020 |
|
|
|a 9789845063999
|
| 040 |
|
|
|a BD-DhAAL
|c BD-DhAAL
|
| 082 |
|
|
|a 337
|
| 245 |
|
|
|a Globalisation and cultural transformations among the youth :
|b tertiary institutions under the spotlight /
|c edited by Amena Mohsin, ASM Ali Ashraf, Niloy Ranjan Biswas, and Mohammad Atique Rahman.
|
| 260 |
|
|
|a Dhaka :
|b University Press Limited,
|c 2023.
|
| 300 |
|
|
|a xx, 301 pages ;
|c 22 cm.
|
| 500 |
|
|
|a Includes bibliographical references and index.
|
| 526 |
|
|
|a BIGD
|
| 541 |
|
|
|a University Press Limited
Complimentary copy from Publisher
|e 41696, 41894
|
| 650 |
|
|
|a Globalization.
|
| 650 |
|
|
|a Economics.
|
| 700 |
|
|
|a Mohsin, Amena.
|
| 700 |
|
|
|a Ashraf, ASM Ali.
|9 54116
|
| 700 |
|
|
|a Biswas, Ranjan.
|9 55522
|
| 700 |
|
|
|a Rahman, Mohammad Atique.
|9 54117
|
| 852 |
|
|
|a Ayesha Abed Library
|
| 942 |
|
|
|2 ddc
|c BK
|
| 999 |
|
|
|c 46151
|d 46151
|
| 952 |
|
|
|0 0
|1 0
|2 ddc
|4 0
|6 337_000000000000000_GLO
|7 0
|9 74395
|a BIGD
|b BIGD
|d 2023-09-18
|e University Press Limited
|g 1240.00
|l 0
|o 337 GLO
|p 3050041696
|r 2023-09-18
|t 1
|v 1550.00
|w 2023-09-18
|y BK
|
| 952 |
|
|
|0 0
|1 0
|2 ddc
|4 0
|6 337_000000000000000_GLO
|7 0
|9 74820
|a BRACUL
|b BRACUL
|c GEN
|d 2023-11-07
|e Complimentary copy from Publisher
|g 1240.00
|l 0
|o 337 GLO
|p 3010041894
|r 2023-11-07
|t 2
|v 1550.00
|w 2023-11-07
|y BK
|